30 meistgesprochene Sprachen (anhand der Gesamtsprecher) - Statistiken

Allgemein
  • Dieses Quiz wurde 4 mal gespielt
  • Das Durchschnittsergebnis liegt bei 9 aus 30
Antwortstatistiken
Rang Gesamtsprecher Sprache % Korrekt
12. 160 Mio. Deutsch
100%
1. 1.453 Mio. Englisch
100%
5. 274 Mio. Französisch
100%
8. 258 Mio. Russisch
100%
4. 559 Mio. Spanisch
100%
3. 610 Mio. Hindi
67%
6. 274 Mio. Hocharabisch
67%
29. 68 Mio. Italienisch
67%
10. 231 Mio. Urdu
67%
24. 77 Mio. Farsi
33%
13. 125 Mio. Japanisch
33%
23. 82 Mio. Koreanisch
33%
9. 258 Mio. Portugiesisch
33%
27. 71 Mio. Swahili
33%
26. 75 Mio. Ägyptisch-Arabisch
0%
7. 273 Mio. Bengalisch
0%
25. 77 Mio. Hausa
0%
11. 199 Mio. Indonesisch
0%
28. 68 Mio. Javanisch
0%
19. 86 Mio. Kantonesisch
0%
2. 1.118 Mio. Mandarin-Chinesisch
0%
15. 99 Mio. Marathi
0%
14. 121 Mio. Nigerianisches Pidgin
0%
21. 82 Mio. Tagalog
0%
18. 86 Mio. Tamil
0%
16. 96 Mio. Telugu
0%
17. 88 Mio. Türkisch
0%
20. 86 Mio. Vietnamesisch
0%
30. 66 Mio. Westpanjabi
0%
22. 82 Mio. Wu-Chinesisch
0%
Keine übereinstimmenden Quizze gefunden
Verteilung der Resultate
Anzahl Personen mit jedem Resultat
Perzentil nach korrekt beantworteten Fragen
Ihre Resultats-Entwicklung
Sie haben dieses Quiz noch nicht gespielt